| 000 | 00400nam a2200133Ia 4500 | ||
|---|---|---|---|
| 008 | 210430s9999 xx 000 0 und d | ||
| 082 | _a670 K141 M | ||
| 100 |
_aSteven R.Schmid, Serope Kalpakjin _9127768 |
||
| 245 |
_aManufacturing Processes for Engineering Materials / _cSteven R.Schmid |
||
| 250 | _a4th edition | ||
| 260 |
_aIndia _bSerope Kalpakjian _c2009 |
||
| 300 | _a954p | ||
| 942 |
_cBK _2ddc |
||
| 999 |
_c564572 _d564572 |
||